Statystyki dla Państwa świata na mapie 1945

Kliknij tutaj aby rozwiązać quiz!

Ogólne statystyki

  • Ten quiz został rozwiązany 123 razy
  • Średni wynik to 64 z 74

Odpowiedzi na mapie

Odpowiedzi skodowane kolorowo w zielono-czerwonej skali na mapie do tego quizu, zgodnie z poniższymi procentami.
 

Statystyki odpowiedzi

Country% Poprawnych
Związek Radziecki
99%
Stany Zjednoczone
98%
Włochy
97%
Dania
96%
Francja
96%
Polska
96%
Portugalia
96%
Wielka Brytania
96%
Finlandia
95%
Hiszpania
95%
Kanada
95%
Meksyk
95%
Szwajcaria
95%
Szwecja
95%
Belgia
94%
Chiny
94%
Holandia
94%
Węgry
94%
Australia
93%
Czechosłowacja
93%
Egipt
93%
Grecja
93%
Jugosławia
93%
Norwegia
93%
Turcja
93%
Islandia
92%
Albania
91%
Brazylia
91%
Bułgaria
91%
Iran
91%
Irlandia
91%
Japonia
91%
Mongolia
91%
Indonezja
90%
Irak
90%
Rumunia
90%
Argentyna
89%
Chile
89%
Republika Południowej Afryki
89%
Arabia Saudyjska
88%
Nowa Zelandia
88%
Peru
87%
Urugwaj
87%
Wietnam
87%
Kuba
86%
Syria
86%
Boliwia
85%
Kolumbia
85%
Luksemburg
85%
Etiopia
84%
Wenezuela
84%
Paragwaj
83%
Tajlandia
82%
Ekwador
81%
Nepal
81%
Panama
81%
Afganistan
80%
Haiti
79%
Republika Dominikany
79%
Watykan
79%
Jemen
77%
Kostaryka
77%
Liechtenstein
77%
San Marino
77%
Andorra
75%
Monako
75%
Nikaragua
74%
El Salwador
73%
Gwatemala
73%
Honduras
72%
Liberia
71%
Tybet
64%
Liban
62%
Wschodni Turkestan
5%

Rozkład punktacji

Percentyl według liczby udzielonych odpowiedzi

Procent ludzi z każdym wynikiem

Twoja historia wyników

Nie rozwiązałeś tego quizu